| 000 | 00490nam a2200157Ia 4500 | ||
|---|---|---|---|
| 008 | 170221s9999 xx 000 0 und d | ||
| 100 | _aHasan Gürkan Rengin Ozan | ||
| 245 | _aFeminist cinema as counter cinema: Is feminist cinema counter cinema? | ||
| 245 | _cHasan Gürkan Rengin Ozan | ||
| 260 | _bOnline Journal of Communication and Media Technologies | ||
| 260 | _c2013 | ||
| 300 | _a13 : | ||
| 650 | _xCommunication | ||
| 650 | _xMedia Arts | ||
| 856 | _uhttp://www.ojcmt.net/ | ||
| 999 |
_c308928 _d308928 |
||